| 000 | 00857nam0a22002411 4500 | ||
|---|---|---|---|
| 001 | v19\rc\1269888 | ||
| 005 | 20260407064232.0 | ||
| 035 | _a(NLR Aleph) 004422174 | ||
| 090 |
_a4151486 _c4151486 |
||
| 100 | _a20060306d1895 |||y0rusy50 ca | ||
| 101 | 0 | _arus | |
| 102 | _aRU | ||
| 105 | _ay z ||||| | ||
| 200 | 1 | _aПравила, составленные комитетом для учеников Мореходных классов С.-Петербургского речного яхт-клуба | |
| 210 |
_aСанкт-Петербург _dценз. 1895 |
||
| 215 |
_a[3] с. _d25 |
||
| 309 | _aБез тит. л. и обл. | ||
| 710 | 0 | 2 |
_aМореходные классы _cПетербург _9561859 _3RU\NLR\AUTH\8810031623 |
| 801 | 0 |
_aRU _bNLR _gpsbo |
|
| 801 | 1 |
_aRU _bProSoft-M _2rusmarc |
|
| 852 |
_aNLR _j63-7/254 |
||
| 942 | _cBOOK | ||
| 980 | _aNB | ||